LEADER 01667nam a2200397 i 4500 001 991000645249707536 005 20020507171707.0 008 930424s1988 us ||| | eng 020 $a0898712424 035 $ab10737340-39ule_inst 035 $aLE01300070$9ExL 040 $aDip.to Matematica$beng 082 0 $a515.352 084 $aAMS 65-06 084 $aAMS 65-XX 084 $aAMS 65M 084 $aAMS 65P05 084 $aLC QA377.A295 245 00$aAdaptive methods for partial differential equations :$bproc. of the workshop on Adaptive computational methods for partial differential equations held at Rensselaer Polytechnic Institute, Oct. 13-15, 1988 /$ceds. J. E. Flaherty, P. J. Paslow, M. S. Shephard, J. D. Vasilakis 260 $aPhiladelphia :$bSIAM (Society for Industrial and Applied Mathematics),$c1988 300 $a265 p. ;$c25 cm. 500 $aConference/Meeting Rensselaer 1988 650 0$aData processing$xCongresses 650 0$aFinite element method$xCongresses 650 0$aNumerical solutions$xCongresses 650 0$aPartial differential equations$xCongresses 700 1 $aFlaherty, Joseph E.$eauthor$4http://id.loc.gov/vocabulary/relators/aut$01358784 700 1 $aPaslow, Pamela J. 700 1 $aShephard, Mark S. 700 1 $aVasilakis, John D. 907 $a.b10737340$b21-09-06$c28-06-02 912 $a991000645249707536 945 $aLE013 65-XX FLA11 (1989)$g1$i2013000131818$lle013$o-$pE0.00$q-$rl$s- $t0$u1$v0$w1$x0$y.i10827559$z28-06-02 996 $aAdaptive methods for partial differential equations$93371172 997 $aUNISALENTO 998 $ale013$b01-01-93$cm$da $e-$feng$gus $h0$i1 LEADER 01400nas 2200433-a 450 001 996204713903316 005 20231219173227.0 035 $a(CKB)954921356388 035 $a(CONSER)---24019564- 035 $a(EXLCZ)99954921356388 100 $a20750907b19271996 --- a 101 0 $aeng 181 $ctxt$2rdacontent 182 $cc$2rdamedia 183 $acr$2rdacarrier 200 00$aPersonnel journal 210 $aBaltimore $cPublished for the Personnel Research Federation by the Williams & Wilkins Co.$d©1927-©1996 215 $a1 online resource 300 $aPublished: Costa Mesa, CA, -1996. 311 $aPrint version: Personnel journal. (DLC) 24019564 (OCoLC)1605910 0031-5745 531 $aPERS J 531 0 $aPers. j. 606 $aPersonnel management$vPeriodicals 606 $aPersonnel Management 606 $aPersonnel$xDirection$xPériodiques 606 $aPersonnel management$2fast$3(OCoLC)fst01058797 608 $aPeriodical. 608 $aPeriodicals.$2fast 615 0$aPersonnel management 615 2$aPersonnel Management. 615 6$aPersonnel$xDirection$xPériodiques. 615 7$aPersonnel management. 676 $a658.3/005 712 02$aPersonnel Research Federation (U.S.) 906 $aJOURNAL 912 $a996204713903316 920 $aexl_impl conversion 996 $aPersonnel journal$92358989 997 $aUNISA